00828nam a2200193 a 4500001001000000003000500010005001700015008004100032010001100073011001100084040000900095100003400104245017400138260004100312500006000353502010900413650004200522856007000564000115481CHAP20220329144536.0190528s2018 mx a sm |||||||spa d a111942 a112914 cCHAP1 aPalacios Alcántara, Mireya.10aComportamiento de poblaciones de Nacobbus aberrans de diferente origen geográfico sobre plantas de jitomate cv miroma /h[En línea]cpor Mireya Palacios Alcántara. aChapingo, Méx. :bEl autor,c2018. aPara ver el contenido del material haga clic en la liga aTesis (Ing. Agr. Esp. en Parasitología Agrícola) -- UACH. Departamento de Parasitología Agrícola14aTomatexEnfermedades por nemátodos. aFinding aiduhttp://10.13.5.2/tesis/sist115481.pdfzTeclea aquí